000 00678nam a2200277Ia 4500
005 20260324124705.0
008 008 260324s9999 xx 000 0 eng d
020 _a9781315250632
037 _aEBOOK
040 _aCRL
040 _beng
040 _cCRL
041 _2eng
041 _aeng
084 _qCRL
100 _aCathrine O. Frank
_91175134
245 0 _aLaw, Literature, and the Transmission of Culture in England, 1837–1925
260 _bTaylor and Francis
260 _c2010
365 _a
365 _b240
856 _uhttp://www.taylorfrancis.com/books/9781315250632
942 _cEBOOK
999 _c1769727
_d1769727